|
|
|
|
| LEADER |
00000nab a2200000 a 4500 |
| 001 |
vtls001004111 |
| 003 |
SK-MaSNL |
| 005 |
20260303204041.0 |
| 008 |
040720e19900000xo 0 slo |
| 035 |
|
|
|a RV4711
|
| 040 |
|
|
|a RVGKPD
|b slo
|c RVGKPD
|e AACR2
|
| 041 |
0 |
|
|a slo
|
| 044 |
|
|
|a xo
|c SK
|
| 080 |
|
|
|a 551.442
|2 1981
|
| 100 |
1 |
|
|a Bartók, Matej
|4 aut
|9 279932
|
| 245 |
1 |
0 |
|a 120. výročie objavenia Dobšinskej ľadovej jaskyne
|
| 300 |
|
|
|b 4 foto, lit., 1 tab.
|
| 650 |
0 |
7 |
|a jaskyne
|2 RVGKPD
|9 20772
|
| 651 |
|
7 |
|a Dobšinská ľadová jaskyňa (Slovensko)
|2 RVGKPD
|9 20637
|
| 651 |
|
7 |
|a Gočovo (Slovensko)
|2 RVGKPD
|9 58511
|
| 773 |
0 |
8 |
|t Obzor Gemera
|g Roč. 21, č.3 (1990), s. 163-166
|
| 852 |
|
|
|a ZVYKNI
|b KIS3GCP
|
| 999 |
|
|
|c 2188239
|d 2190169
|